Statistics for States with the Most NCAA DI Teams

Click here to take the quiz!

General Stats

  • This quiz has been taken 96 times
  • The average score is 14 of 15

Answer Stats

#State% Correct
24California
100%
23Texas
99%
13Florida
99%
13Ohio
99%
22New York
95%
18North Carolina
95%
13Illinois
93%
14Pennsylvania
92%
9Alabama
92%
12South Carolina
91%
14Virginia
89%
12Tennessee
86%
12Louisiana
84%
10Indiana
84%
9Maryland
73%

Score Distribution

Percentile by Number Answered

Percent of People with Each Score

Your Score History

You have not taken this quiz